Normal view
MARC view
- Broderick, P
Entry Personal Name
001 - CONTROL NUMBER
- control field: 9199
003 - CONTROL NUMBER IDENTIFIER
- control field: NUST
005 - DATE AND TIME OF LATEST TRANSACTION
- control field: 20180120132827.0
008 - FIXED-LENGTH DATA ELEMENTS
- fixed length control field: 180120|| aca||aabn | a|a d
040 ## - CATALOGING SOURCE
- Original cataloging agency: NUST
- Transcribing agency: NUST
100 ## - HEADING--PERSONAL NAME
- Personal name: Broderick, P
670 ## - SOURCE DATA FOUND
- Source citation: Work cat.: (NUST)328236: Broderick, P, Amateur Film Making, 1964
